[Event "Edmonton April Sect-A"]
[Site "Edmonton CAN"]
[Date "2005.04.02"]
[Round "2"]
[White "Huber, Gregory"]
[Black "Neven, Knut"]
[Result "1/2-1/2"]
[WhiteElo "2221"]
[BlackElo "2203"]
[PlyCount "114"]
[GameId "2160767910968863"]
[EventDate "2005.04.01"]
[EventType "tourn"]
[EventRounds "5"]
[EventCountry "CAN"]
[SourceTitle "EXT 2006"]
[Source "ChessBase"]
[SourceDate "2005.11.24"]
[SourceVersion "1"]
[SourceVersionDate "2005.11.24"]
[SourceQuality "1"]

1. f4 d5 2. b3 Nf6 3. Bb2 c5 4. e3 Nc6 5. Bb5 Qb6 6. a4 a6 7. a5 Qd8 8. Bxc6+ bxc6 9. Nf3 Bg4 10. h3 Bxf3 11. Qxf3 e6 12. d3 Be7 13. Nd2 Rb8 14. O-O O-O 15. Ra4 Rb4 16. Rfa1 Qd7 17. Qe2 Ne8 18. Nf3 f6 19. Bc3 Rb7 20. e4 Nc7 21. Re1 Bd6 22. Bd2 Qf7 23. Qf2 Qh5 24. Be3 Rb5 25. Kh2 g5 26. g3 Rf7 27. Rf1 g4 28. Ng1 f5 29. Rb1 d4 30. Bd2 e5 31. exf5 Qxf5 32. hxg4 Qxg4 33. Qe2 Qxe2+ 34. Nxe2 Nd5 35. Rf1 Rb8 36. Rg1 Rbf8 37. Rc4 Re8 38. Rg2 e4 39. dxe4 Rxe4 40. Nc1 Rfe7 41. b4 Ne3 42. Bxe3 dxe3 43. Rxe4 Rxe4 44. bxc5 Bxc5 45. Re2 Bb4 46. Nb3 c5 47. c4 Kf7 48. Kg2 Rxc4 49. Rxe3 Rc2+ 50. Kf3 c4 51. Nd4 Ra2 52. Nc6 Bd2 53. Re7+ Kf8 54. Rxh7 c3 55. Nd4 c2 56. Nxc2 Rxc2 57. Rh6 Bxa5 1/2-1/2

[Event "Edmonton April Sect-A"]
[Site "Edmonton CAN"]
[Date "2005.04.02"]
[Round "2"]
[White "Sasata, Robert"]
[Black "Reeve, Jeff"]
[Result "1/2-1/2"]
[WhiteElo "2226"]
[BlackElo "2237"]
[PlyCount "129"]
[GameId "2160767910968864"]
[EventDate "2005.04.01"]
[EventType "tourn"]
[EventRounds "5"]
[EventCountry "CAN"]
[SourceTitle "EXT 2006"]
[Source "ChessBase"]
[SourceDate "2005.11.24"]
[SourceVersion "1"]
[SourceVersionDate "2005.11.24"]
[SourceQuality "1"]

1. d4 Nf6 2. c4 g6 3. Nc3 Bg7 4. e4 d6 5. f3 O-O 6. Be3 a6 7. Qd2 Nc6 8. Nge2 Rb8 9. Rc1 Re8 10. Nd1 e6 11. Nf2 Ne7 12. g3 b6 13. Bg2 Bb7 14. O-O Nd7 15. Ng4 f5 16. Nh6+ Kf8 17. Nf4 Ng8 18. d5 Nc5 19. Nxg8 Kxg8 20. b4 e5 21. Nh3 Nd7 22. Nf2 Bc8 23. Nd3 Rf8 24. c5 fxe4 25. fxe4 Rxf1+ 26. Rxf1 bxc5 27. bxc5 Nxc5 28. Nxc5 dxc5 29. Bxc5 Bd7 30. Rc1 h5 31. Ba7 Rb7 32. Be3 Qb8 33. Bf1 Rb1 34. Bxa6 Bf8 35. Bd3 Rxc1+ 36. Qxc1 Qb4 37. Kf2 Bd6 38. Qc4 Qb2+ 39. Qc2 Qa1 40. Kg2 Kg7 41. Qf2 Be7 42. d6 cxd6 43. Bc4 Be8 44. Qd2 Bc6 45. Bd5 Bxd5 46. Qxd5 Qb2+ 47. Qd2 Qa3 48. Kf2 Qa4 49. Kf3 Qd7 50. Kg2 h4 51. h3 Qa4 52. Kf3 hxg3 53. Qd5 Qc2 54. Kxg3 Qe2 55. Qd2 Qc4 56. Kf3 Qf7+ 57. Kg2 Qc4 58. Kf3 Qf1+ 59. Kg3 Qh1 60. Qg2 Bh4+ 61. Kf3 Qd1+ 62. Qe2 Qh1+ 63. Qg2 Qd1+ 64. Qe2 Qh1+ 65. Qg2 1/2-1/2

[Event "Edmonton April Sect-A"]
[Site "Edmonton CAN"]
[Date "2005.04.02"]
[Round "3"]
[White "Neven, Knut"]
[Black "Sasata, Robert"]
[Result "0-1"]
[WhiteElo "2203"]
[BlackElo "2226"]
[PlyCount "110"]
[GameId "2160767910968866"]
[EventDate "2005.04.01"]
[EventType "tourn"]
[EventRounds "5"]
[EventCountry "CAN"]
[SourceTitle "EXT 2006"]
[Source "ChessBase"]
[SourceDate "2005.11.24"]
[SourceVersion "1"]
[SourceVersionDate "2005.11.24"]
[SourceQuality "1"]

1. d4 Nf6 2. c4 g6 3. Nc3 Bg7 4. e4 d6 5. h3 O-O 6. Bg5 Na6 7. Bd3 e5 8. d5 Qe8 9. Nge2 Nd7 10. Qd2 f5 11. exf5 gxf5 12. O-O-O e4 13. Bc2 Ne5 14. b3 Nb4 15. Kb1 Bd7 16. Nf4 a5 17. a4 Ng6 18. Nxg6 Qxg6 19. Be3 f4 20. Bd4 Nxc2 21. Qxc2 Bf5 22. Kb2 Bxd4 23. Rxd4 Qxg2 24. Rdd1 Qg7 25. Rhg1 Bg6 26. h4 e3 27. Qe2 Rae8 28. f3 Re5 29. Ka3 Rh5 30. Ne4 Rxh4 31. Ng5 Rf5 32. Ne6 Qf6 33. Rg2 c5 34. Rdg1 b6 35. Qe1 Rfh5 36. Qe2 Rh1 37. Qf1 Rxg1 38. Qxg1 Re5 39. Rg4 Rf5 40. Ka2 Kf7 41. Qh2 h5 42. Rg2 Ke7 43. Qg1 Bf7 44. Rg7 Qc3 45. Qg6 Qf6 46. Qg1 e2 47. Rh7 Re5 48. Qg8 Rxe6 49. dxe6 Kxe6 50. Qc8+ Ke5 51. Qb8 e1=Q 52. Rxh5+ Kd4 53. Rh2 Kd3 54. Rb2 Qee5 55. Rb1 Kc2 0-1

[Event "Edmonton April Sect-A"]
[Site "Edmonton CAN"]
[Date "2005.04.02"]
[Round "3"]
[White "Reeve, Jeff"]
[Black "Yoos, John"]
[Result "1/2-1/2"]
[WhiteElo "2237"]
[BlackElo "2377"]
[PlyCount "45"]
[GameId "2160767910968867"]
[EventDate "2005.04.01"]
[EventType "tourn"]
[EventRounds "5"]
[EventCountry "CAN"]
[SourceTitle "EXT 2006"]
[Source "ChessBase"]
[SourceDate "2005.11.24"]
[SourceVersion "1"]
[SourceVersionDate "2005.11.24"]
[SourceQuality "1"]

1. e4 c5 2. Nf3 e6 3. d4 cxd4 4. Nxd4 Nf6 5. Nc3 Nc6 6. Ndb5 Bc5 7. Bf4 O-O 8. Bc7 Qe7 9. Bd6 Bxd6 10. Qxd6 Ne8 11. Qxe7 Nxe7 12. O-O-O f5 13. f3 fxe4 14. fxe4 Ng6 15. Be2 Ne5 16. Rhf1 Rxf1 17. Bxf1 Kf8 18. Be2 Ke7 19. Kd2 a6 20. Nd4 Nd6 21. b3 b5 22. Nf3 Ndf7 23. Nxe5 1/2-1/2

[Event "Edmonton April Sect-A"]
[Site "Edmonton CAN"]
[Date "2005.04.03"]
[Round "4"]
[White "Huber, Gregory"]
[Black "Reeve, Jeff"]
[Result "0-1"]
[WhiteElo "2221"]
[BlackElo "2237"]
[PlyCount "82"]
[GameId "2160767910968868"]
[EventDate "2005.04.01"]
[EventType "tourn"]
[EventRounds "5"]
[EventCountry "CAN"]
[SourceTitle "EXT 2006"]
[Source "ChessBase"]
[SourceDate "2005.11.24"]
[SourceVersion "1"]
[SourceVersionDate "2005.11.24"]
[SourceQuality "1"]

1. e4 c5 2. Nf3 Nc6 3. Bb5 d6 4. Bxc6+ bxc6 5. O-O Bg4 6. h3 Bh5 7. d3 e5 8. Nbd2 Nf6 9. Nc4 Be7 10. Ne3 O-O 11. Nf5 Re8 12. g4 Bg6 13. Nxe7+ Qxe7 14. Nh4 Nd7 15. Nf5 Bxf5 16. gxf5 Kh8 17. Qg4 g6 18. Kh2 Rg8 19. Bg5 gxf5 20. Bxe7 fxg4 21. hxg4 Rxg4 22. Rg1 Rxg1 23. Rxg1 d5 24. c4 Re8 25. Bh4 Re6 26. f3 Rh6 27. Kh3 dxc4 28. dxc4 Nf8 29. Kg3 Rg6+ 30. Kf2 Rxg1 31. Kxg1 Kg7 32. Bf2 Ne6 33. Be3 Nd4 34. Kf2 Kg6 35. f4 f5 36. exf5+ Kxf5 37. fxe5 Kxe5 38. a3 Ke4 39. b4 a6 40. Bh6 Kd3 41. bxc5 Kxc4 0-1

[Event "Edmonton April Sect-A"]
[Site "Edmonton CAN"]
[Date "2005.04.03"]
[Round "5"]
[White "Reeve, Jeff"]
[Black "Neven, Knut"]
[Result "1/2-1/2"]
[WhiteElo "2237"]
[BlackElo "2203"]
[PlyCount "51"]
[GameId "2160767910968870"]
[EventDate "2005.04.01"]
[EventType "tourn"]
[EventRounds "5"]
[EventCountry "CAN"]
[SourceTitle "EXT 2006"]
[Source "ChessBase"]
[SourceDate "2005.11.24"]
[SourceVersion "1"]
[SourceVersionDate "2005.11.24"]
[SourceQuality "1"]

1. e4 e6 2. d4 d5 3. e5 c5 4. c3 Nc6 5. Nf3 Nh6 6. Bxh6 gxh6 7. a3 Bd7 8. b4 cxd4 9. cxd4 Bg7 10. Nc3 O-O 11. Bd3 f6 12. b5 Nxd4 13. Nxd4 fxe5 14. Nde2 e4 15. Bxe4 dxe4 16. O-O Qe7 17. Ra2 e3 18. fxe3 Rxf1+ 19. Kxf1 Bxc3 20. Nxc3 Qf6+ 21. Rf2 Qxc3 22. Qxd7 Qc4+ 23. Ke1 Qc1+ 24. Ke2 Qb2+ 25. Ke1 Qc1+ 26. Ke2 1/2-1/2

[Event "Edmonton April Sect-A"]
[Site "Edmonton CAN"]
[Date "2005.04.03"]
[Round "5"]
[White "Yoos, John"]
[Black "Huber, Gregory"]
[Result "1-0"]
[WhiteElo "2377"]
[BlackElo "2221"]
[PlyCount "57"]
[GameId "2160767910968871"]
[EventDate "2005.04.01"]
[EventType "tourn"]
[EventRounds "5"]
[EventCountry "CAN"]
[SourceTitle "EXT 2006"]
[Source "ChessBase"]
[SourceDate "2005.11.24"]
[SourceVersion "1"]
[SourceVersionDate "2005.11.24"]
[SourceQuality "1"]

1. e4 c5 2. Nf3 d6 3. d4 cxd4 4. Nxd4 Nf6 5. Nc3 a6 6. Bg5 e6 7. f4 Qc7 8. Bxf6 gxf6 9. Qd2 Nc6 10. O-O-O Bd7 11. Kb1 h5 12. Bc4 O-O-O 13. Nxc6 Bxc6 14. Qd4 Rg8 15. Rd2 Rg4 16. Rf1 h4 17. h3 Rg3 18. f5 e5 19. Qa7 Rxc3 20. bxc3 Bxe4 21. Bd5 Bh6 22. Rdd1 Bxd5 23. Rxd5 Qxc3 24. Rd3 Qa5 25. Rb3 Qd5 26. a4 e4 27. Ka1 Qc6 28. Qd4 Kd7 29. Rc3 1-0

[Event "Edmonton April Sect-B"]
[Site "Edmonton CAN"]
[Date "2005.04.01"]
[Round "1"]
[White "Haessel, Dale"]
[Black "Balbutin, Nelson"]
[Result "1-0"]
[WhiteElo "2225"]
[BlackElo "2199"]
[PlyCount "115"]
[GameId "2160767910968872"]
[EventDate "2005.04.01"]
[EventType "tourn"]
[EventRounds "5"]
[EventCountry "CAN"]
[SourceTitle "EXT 2006"]
[Source "ChessBase"]
[SourceDate "2005.11.24"]
[SourceVersion "1"]
[SourceVersionDate "2005.11.24"]
[SourceQuality "1"]

1. c4 e5 2. g3 Nf6 3. Bg2 Bc5 4. Nc3 O-O 5. e3 Na6 6. Nge2 d5 7. d4 exd4 8. exd4 Bb4 9. c5 c6 10. O-O Ba5 11. Bf4 Bc7 12. Qc2 Re8 13. Rfe1 Bg4 14. a3 Qd7 15. b4 Rad8 16. Qb2 Bxf4 17. Nxf4 Nc7 18. Nd3 a6 19. Ne5 Qc8 20. a4 Bh3 21. b5 Bxg2 22. Kxg2 Ne6 23. Rad1 axb5 24. axb5 Nd7 25. f4 f6 26. Nf3 b6 27. f5 Nef8 28. bxc6 Qxc6 29. Qa2 Kh8 30. Nxd5 bxc5 31. Ne7 Rxe7 32. Rxe7 c4 33. Qe2 Nb6 34. Re1 c3 35. Re8 Qxe8 36. Qxe8 Rxe8 37. Rxe8 Kg8 38. Ne1 Kf7 39. Rb8 Nfd7 40. Rb7 Ke7 41. Kf3 Kd6 42. Ke4 g6 43. Nc2 Kc6 44. Ra7 gxf5+ 45. Kxf5 Kd5 46. Rc7 Kd6 47. Rxc3 Nd5 48. Ra3 Ne7+ 49. Kf4 Nd5+ 50. Kg4 Ke6 51. Ne3 Ne7 52. Ra6+ Kf7 53. d5 Ne5+ 54. Kf4 Nd3+ 55. Kf3 Nc5 56. Ra7 Ke8 57. d6 Nc8 58. Rc7 1-0

[Event "Edmonton April Sect-B"]
[Site "Edmonton CAN"]
[Date "2005.04.01"]
[Round "1"]
[White "Yearwood, Roy"]
[Black "Hughey, Micah"]
[Result "1-0"]
[WhiteElo "2072"]
[BlackElo "2114"]
[PlyCount "75"]
[GameId "2160767910968873"]
[EventDate "2005.04.01"]
[EventType "tourn"]
[EventRounds "5"]
[EventCountry "CAN"]
[SourceTitle "EXT 2006"]
[Source "ChessBase"]
[SourceDate "2005.11.24"]
[SourceVersion "1"]
[SourceVersionDate "2005.11.24"]
[SourceQuality "1"]

1. e4 e5 2. Nf3 Nc6 3. Bc4 Nf6 4. d3 Be7 5. O-O O-O 6. Nc3 d6 7. a4 Be6 8. Re1 Qd7 9. Nd5 Bxd5 10. exd5 Nb4 11. d4 exd4 12. Bb5 c6 13. dxc6 bxc6 14. Bf1 c5 15. c3 dxc3 16. bxc3 Nbd5 17. Bb5 Qc7 18. Qd3 Rfc8 19. Bc4 Nb6 20. Ba6 Re8 21. Bg5 Nbd7 22. Bb5 h6 23. Bh4 Bf8 24. Bc4 Rab8 25. Qf5 Re7 26. Bg3 Rbe8 27. Rxe7 Rxe7 28. Rd1 Re4 29. Bb3 c4 30. Bc2 g6 31. Qb5 Re8 32. Nd4 Rb8 33. Qa6 Rb6 34. Qa5 a6 35. Bh4 Ne4 36. Ne2 Bg7 37. Bxe4 Rb1 38. Qd5 1-0

[Event "Edmonton April Sect-B"]
[Site "Edmonton CAN"]
[Date "2005.04.02"]
[Round "2"]
[White "Hughey, Micah"]
[Black "Gardner, Robert"]
[Result "0-1"]
[WhiteElo "2114"]
[BlackElo "2185"]
[PlyCount "66"]
[GameId "2160767910968875"]
[EventDate "2005.04.01"]
[EventType "tourn"]
[EventRounds "5"]
[EventCountry "CAN"]
[SourceTitle "EXT 2006"]
[Source "ChessBase"]
[SourceDate "2005.11.24"]
[SourceVersion "1"]
[SourceVersionDate "2005.11.24"]
[SourceQuality "1"]

1. e4 d6 2. d4 Nf6 3. Nc3 g6 4. Bc4 Bg7 5. Qe2 Nc6 6. e5 Ng4 7. e6 Nxd4 8. Qxg4 Nxc2+ 9. Kd1 Nxa1 10. Bd2 d5 11. Bxd5 O-O 12. Nge2 f5 13. Qf3 c6 14. Bc4 Qd6 15. Kc1 Bxe6 16. Bf4 Qd7 17. Rd1 Qc8 18. Qd3 b5 19. Bxe6+ Qxe6 20. Nd4 Qf6 21. Nf3 Qf7 22. Ng5 Nb3+ 23. axb3 Qxb3 24. Rd2 e5 25. Be3 h6 26. Nh3 e4 27. Qc2 Qc4 28. Nf4 g5 29. Nh5 f4 30. Rd7 Bxc3 31. bxc3 fxe3 32. fxe3 Rf1+ 33. Kb2 Raf8 0-1

[Event "Edmonton April Sect-B"]
[Site "Edmonton CAN"]
[Date "2005.04.02"]
[Round "3"]
[White "Gardner, Robert"]
[Black "Haessel, Dale"]
[Result "1-0"]
[WhiteElo "2185"]
[BlackElo "2225"]
[PlyCount "107"]
[GameId "2160767910968876"]
[EventDate "2005.04.01"]
[EventType "tourn"]
[EventRounds "5"]
[EventCountry "CAN"]
[SourceTitle "EXT 2006"]
[Source "ChessBase"]
[SourceDate "2005.11.24"]
[SourceVersion "1"]
[SourceVersionDate "2005.11.24"]
[SourceQuality "1"]

1. e4 c5 2. Nf3 d6 3. d4 cxd4 4. Nxd4 Nf6 5. Nc3 a6 6. Be2 e5 7. Nb3 Be7 8. Bg5 Nbd7 9. Bxf6 Nxf6 10. Qd3 Be6 11. O-O-O b5 12. g3 O-O 13. f4 Rc8 14. f5 Bc4 15. Qf3 b4 16. Nd5 Nxd5 17. exd5 Bxb3 18. Qxb3 a5 19. h4 Qb6 20. a4 Qf2 21. Ba6 Rc5 22. Rdf1 Qd4 23. Rd1 Qg4 24. Rhf1 Bf6 25. Bb5 Rfc8 26. Bc6 h6 27. Rde1 Rc7 28. Qd3 Rc4 29. Rf2 Rd4 30. Qf3 Re7 31. c3 bxc3 32. bxc3 Rc4 33. Bb5 Qxf3 34. Rxf3 Rc5 35. c4 e4 36. Rf4 e3 37. Kc2 Rcc7 38. Kd3 Be5 39. Rf3 Kf8 40. Rexe3 Bb2 41. Rxe7 Rxe7 42. c5 Re5 43. cxd6 Rxd5+ 44. Kc2 Bf6 45. d7 Ke7 46. Rf4 Rd4 47. Rf1 Be5 48. Rf3 Rg4 49. Rd3 Rd4 50. Rc3 Rxd7 51. Bxd7 Bxc3 52. Kxc3 Kxd7 53. Kc4 Kc6 54. h5 1-0

[Event "Edmonton April Sect-B"]
[Site "Edmonton CAN"]
[Date "2005.04.02"]
[Round "3"]
[White "Yearwood, Roy"]
[Black "Balbutin, Nelson"]
[Result "0-1"]
[WhiteElo "2072"]
[BlackElo "2199"]
[PlyCount "88"]
[GameId "2160767910968877"]
[EventDate "2005.04.01"]
[EventType "tourn"]
[EventRounds "5"]
[EventCountry "CAN"]
[SourceTitle "EXT 2006"]
[Source "ChessBase"]
[SourceDate "2005.11.24"]
[SourceVersion "1"]
[SourceVersionDate "2005.11.24"]
[SourceQuality "1"]

1. e4 d5 2. exd5 Qxd5 3. Nc3 Qa5 4. Bc4 Nf6 5. Nf3 Bg4 6. h3 Bh5 7. d3 c6 8. Bd2 Qc7 9. g4 Bg6 10. Qe2 Nbd7 11. O-O-O O-O-O 12. Nh4 e6 13. f4 Bd6 14. Qf3 Rhe8 15. Nxg6 hxg6 16. Ne4 Be7 17. Ng5 Rf8 18. Rhe1 Nb6 19. Bb3 Nfd5 20. f5 gxf5 21. gxf5 Bxg5 22. Bxg5 f6 23. Be3 exf5 24. Qxf5+ Qd7 25. Qxd7+ Kxd7 26. Bc5 Rfe8 27. Rg1 g5 28. Kb1 Rh8 29. Rg3 Rh6 30. c4 Nf4 31. Re1 Re8 32. Rge3 Rxe3 33. Rxe3 Nc8 34. Bd1 f5 35. Re5 b6 36. Be3 Ne7 37. c5 b5 38. d4 Rxh3 39. a4 a6 40. axb5 axb5 41. Bc2 Nfg6 42. Rxf5 Rxe3 43. Rxg5 Nf4 44. Rg7 Nd3 0-1

[Event "Edmonton April Sect-B"]
[Site "Edmonton CAN"]
[Date "2005.04.03"]
[Round "4"]
[White "Balbutin, Nelson"]
[Black "Hughey, Micah"]
[Result "1/2-1/2"]
[WhiteElo "2199"]
[BlackElo "2114"]
[PlyCount "147"]
[GameId "2160767910968878"]
[EventDate "2005.04.01"]
[EventType "tourn"]
[EventRounds "5"]
[EventCountry "CAN"]
[SourceTitle "EXT 2006"]
[Source "ChessBase"]
[SourceDate "2005.11.24"]
[SourceVersion "1"]
[SourceVersionDate "2005.11.24"]
[SourceQuality "1"]

1. e4 e5 2. Nf3 Nc6 3. Bb5 a6 4. Ba4 Nf6 5. O-O Be7 6. Re1 b5 7. Bb3 O-O 8. c3 d5 9. exd5 Nxd5 10. Nxe5 Nxe5 11. Rxe5 c6 12. g3 Bd6 13. Re1 Qd7 14. d4 Qh3 15. Qf3 Bg4 16. Qg2 Qh5 17. Bxd5 cxd5 18. Be3 Rfe8 19. Nd2 Re7 20. f3 Bh3 21. Qf2 Rae8 22. Nf1 b4 23. Bd2 bxc3 24. Bxc3 Bd7 25. Rxe7 Rxe7 26. Re1 Rxe1 27. Bxe1 Qg6 28. Bc3 Qb1 29. a3 h5 30. Qe1 Qd3 31. Kf2 h4 32. Ne3 hxg3+ 33. hxg3 Qg6 34. Qg1 Qd3 35. Qe1 Qg6 36. f4 Qh5 37. Qd1 Qh2+ 38. Ng2 Bf5 39. Qg1 Qh5 40. Ke3 Be4 41. Qf2 Qd1 42. Ne1 g5 43. Bd2 Qb3+ 44. Bc3 Qd1 45. Qh2 Qg4 46. Bd2 f6 47. Kf2 Qd1 48. Be3 Qb3 49. Qh6 Qxb2+ 50. Kg1 Qxa3 51. Bf2 gxf4 52. gxf4 Qc1 53. Qxf6 Qxf4 54. Qe6+ Kg7 55. Qd7+ Kf6 56. Bh4+ Qxh4 57. Qxd6+ Kg7 58. Qd7+ Kh6 59. Qd6+ Kg7 60. Qd7+ Kh6 61. Qd6+ Bg6 62. Qf8+ Kh7 63. Nf3 Qg3+ 64. Kh1 Qh3+ 65. Kg1 Qg3+ 66. Kh1 Be4 67. Qf7+ Kh8 68. Qf8+ Kh7 69. Qf7+ Kh6 70. Qh5+ Kg7 71. Qf7+ Kh6 72. Qh5+ Kg7 73. Qf7+ Kh8 74. Qh7+ 1/2-1/2

[Event "Edmonton April Sect-B"]
[Site "Edmonton CAN"]
[Date "2005.04.03"]
[Round "4"]
[White "Yearwood, Roy"]
[Black "Gardner, Robert"]
[Result "0-1"]
[WhiteElo "2072"]
[BlackElo "2185"]
[PlyCount "98"]
[GameId "2160767910968880"]
[EventDate "2005.04.01"]
[EventType "tourn"]
[EventRounds "5"]
[EventCountry "CAN"]
[SourceTitle "EXT 2006"]
[Source "ChessBase"]
[SourceDate "2005.11.24"]
[SourceVersion "1"]
[SourceVersionDate "2005.11.24"]
[SourceQuality "1"]

1. e4 d6 2. d4 Nf6 3. Nc3 g6 4. Be2 Bg7 5. g4 c5 6. d5 a6 7. a4 b6 8. Be3 Ra7 9. f3 e5 10. Nh3 O-O 11. Bg5 Qd7 12. Qd2 Ne8 13. Nf2 f5 14. h4 f4 15. h5 h6 16. Bxh6 Bxh6 17. hxg6 Bg7 18. g5 Qd8 19. Rh5 Nc7 20. a5 b5 21. b4 cxb4 22. Na2 Qe8 23. O-O-O Qxg6 24. Rdh1 Ne8 25. Nxb4 Rc7 26. Kb2 Nd7 27. Ng4 Nc5 28. Nh6+ Bxh6 29. Rxh6 Qxg5 30. Qe1 Rg7 31. Nc6 Rf6 32. R6h5 Qg3 33. Ne7+ Rxe7 34. Rg1 Rg7 35. Rxg3 fxg3 36. Qh1 g2 37. Rh8+ Kf7 38. Qg1 Ke7 39. Rh2 Rfg6 40. f4 exf4 41. e5 Na4+ 42. Kc1 dxe5 43. Bf3 Bd7 44. Rh5 Rg5 45. Rh2 Nd6 46. Rxg2 Rxg2 47. Bxg2 f3 48. Qe3 fxg2 49. Qxe5+ Kf7 0-1

[Event "Edmonton April Sect-B"]
[Site "Edmonton CAN"]
[Date "2005.04.03"]
[Round "5"]
[White "Gardner, Robert"]
[Black "Balbutin, Nelson"]
[Result "1-0"]
[WhiteElo "2185"]
[BlackElo "2199"]
[PlyCount "75"]
[GameId "2160767910968881"]
[EventDate "2005.04.01"]
[EventType "tourn"]
[EventRounds "5"]
[EventCountry "CAN"]
[SourceTitle "EXT 2006"]
[Source "ChessBase"]
[SourceDate "2005.11.24"]
[SourceVersion "1"]
[SourceVersionDate "2005.11.24"]
[SourceQuality "1"]

1. f4 d5 2. b3 e5 3. fxe5 Qh4+ 4. g3 Qd4 5. Nc3 Qxe5 6. Nf3 Qh5 7. Bb2 Nf6 8. e3 Bg4 9. Bg2 Bh3 10. Bxh3 Qxh3 11. Qe2 Nc6 12. Nb5 O-O-O 13. Ne5 Nxe5 14. Bxe5 Bc5 15. Bxc7 Rd7 16. Be5 Re8 17. Bd4 Ne4 18. Bxc5 Nxc5 19. O-O-O Kb8 20. Nd4 a6 21. Rhf1 Rc7 22. Rf5 Rd8 23. Rh5 Qd7 24. Rxh7 f6 25. Qh5 Ka7 26. Rh8 Rxh8 27. Qxh8 Qd6 28. Kb1 Ne4 29. Qh5 g5 30. Kb2 Qb4 31. c3 Qa5 32. Qe2 b5 33. b4 Qa4 34. Nb3 Nd6 35. d3 Nb7 36. Qf3 d4 37. exd4 a5 38. a3 1-0

[Event "Edmonton April Sect-B"]
[Site "Edmonton CAN"]
[Date "2005.04.03"]
[Round "5"]
[White "Hughey, Micah"]
[Black "Haessel, Dale"]
[Result "1/2-1/2"]
[WhiteElo "2114"]
[BlackElo "2225"]
[PlyCount "44"]
[GameId "2160767910968882"]
[EventDate "2005.04.01"]
[EventType "tourn"]
[EventRounds "5"]
[EventCountry "CAN"]
[SourceTitle "EXT 2006"]
[Source "ChessBase"]
[SourceDate "2005.11.24"]
[SourceVersion "1"]
[SourceVersionDate "2005.11.24"]
[SourceQuality "1"]

1. e4 c5 2. Nf3 d6 3. d4 cxd4 4. Qxd4 a6 5. c4 Nc6 6. Qd2 Nf6 7. Nc3 e6 8. Bd3 Be7 9. O-O O-O 10. b3 b6 11. Bb2 Bb7 12. Rac1 Rc8 13. Rfd1 Rc7 14. Qe3 Nd7 15. Bb1 Qb8 16. Nd5 exd5 17. exd5 Nce5 18. Nxe5 Nxe5 19. Bxe5 dxe5 20. d6 Bxd6 21. Rxd6 Rxc4 22. Rcd1 Rd4 1/2-1/2

[Event "Edmonton August op"]
[Site "Edmonton CAN"]
[Date "2005.08.11"]
[Round "2"]
[White "Culjaga, Nikolai"]
[Black "Rekhson, Vladislav"]
[Result "0-1"]
[WhiteElo "1915"]
[BlackElo "2128"]
[PlyCount "72"]
[GameId "2160767910900654"]
[EventDate "2005.08.04"]
[EventType "swiss"]
[EventRounds "4"]
[EventCountry "CAN"]
[WhiteTeam "Canada"]
[BlackTeam "Canada"]
[WhiteTeamCountry "CAN"]
[BlackTeamCountry "CAN"]

1. e4 c5 2. Nf3 a6 3. d4 cxd4 4. Nxd4 Nf6 5. Nc3 e5 6. Nf3 Bb4 7. Bc4 Qc7 8. Qd3 b5 9. Bb3 Bb7 10. O-O Bxc3 11. bxc3 Bxe4 12. Bxf7+ Ke7 13. Qe3 Bxf3 14. Qxf3 e4 15. Qf5 Kxf7 16. g4 h6 17. g5 hxg5 18. f4 exf3 19. Rf2 Qxc3 20. Rxf3 Qd4+ 21. Kh1 Nc6 22. Bb2 Qxb2 23. Qd5+ Ke8 24. Re1+ Kd8 25. Qxg5 Qxc2 26. h3 Kc7 27. Qg3+ Kb7 28. Rd3 Qxa2 29. Red1 Qe6 30. Kg2 Rae8 31. Kg1 Re7 32. Ra3 Ne4 33. Qg2 Rh6 34. Qc2 Rg6+ 35. Kh1 Ng3+ 36. Kh2 Qe2+ 0-1

[Event "Edmonton August op"]
[Site "Edmonton CAN"]
[Date "2005.08.11"]
[Round "2"]
[White "Gauer, Kai"]
[Black "Verlik, Val"]
[Result "0-1"]
[WhiteElo "1175"]
[BlackElo "1410"]
[PlyCount "162"]
[GameId "2160767910900655"]
[EventDate "2005.08.04"]
[EventType "swiss"]
[EventRounds "4"]
[EventCountry "CAN"]
[WhiteTeam "Canada"]
[BlackTeam "Canada"]
[WhiteTeamCountry "CAN"]
[BlackTeamCountry "CAN"]

1. e4 e6 2. d4 d5 3. Nd2 dxe4 4. Nxe4 b6 5. Bf4 Bb7 6. Bb5+ Nd7 7. f3 Be7 8. c4 a6 9. Ba4 Ngf6 10. Qd3 h6 11. Ne2 Bb4+ 12. N2c3 Nxe4 13. fxe4 O-O 14. Bc2 Nf6 15. e5 Be4 16. Qg3 Nh5 17. Qg4 Bxc3+ 18. bxc3 Bxc2 19. Qxh5 Bg6 20. Qf3 Qd7 21. d5 Qa4 22. Rd1 Qxc4 23. d6 Be4 24. Rd4 Bxf3 25. Rxc4 Bxg2 26. Rg1 Bd5 27. Rxc7 Rfc8 28. Bxh6 g6 29. Re7 Rxc3 30. Rf1 Rf3 31. Rg1 Rf5 32. d7 Kh7 33. Re8 Rxe5+ 34. Kd2 Bc6 35. Re7 Rd5+ 36. Ke2 Kxh6 37. Rxf7 Rxd7 38. Rf6 Rg8 39. Rxe6 Bb5+ 40. Kf3 Rd3+ 41. Kf4 Rd4+ 42. Ke5 Rd2 43. Rxb6 Rxa2 44. h4 Be2 45. Kf4 Ra4+ 46. Kg3 Rg4+ 47. Kf2 Rxg1 48. Kxg1 Kh5 49. Kf2 Bb5 50. Kg3 Rd8 51. Re6 Rd3+ 52. Kf4 Rd4+ 53. Kg3 Rg4+ 54. Kf2 Rxh4 55. Re5+ g5 56. Ke3 Rh3+ 57. Kd4 Kh4 58. Kc5 g4 59. Kb4 Rf3 60. Re1 Kg3 61. Rg1+ Kf4 62. Rg2 g3 63. Rd2 Rf2 64. Rd4+ Ke3 65. Rd1 g2 66. Re1+ Kf3 67. Ka5 Rf1 68. Re6 g1=Q 69. Rf6+ Ke4 70. Re6+ Kd5 71. Re2 Ra1+ 72. Kb4 Qc5+ 73. Kb3 Bxe2 74. Kb2 Qa3+ 75. Kc2 Bd3+ 76. Kd2 Ra2+ 77. Ke3 Re2+ 78. Kf4 Qf8+ 79. Kg3 Re7 80. Kg4 Rg7+ 81. Kh5 Qh8# 0-1

[Event "Edmonton August op"]
[Site "Edmonton CAN"]
[Date "2005.08.18"]
[Round "3"]
[White "Asquith, Tom"]
[Black "Mrugala, David"]
[Result "0-1"]
[WhiteElo "1800"]
[BlackElo "1763"]
[PlyCount "96"]
[GameId "2160767910900656"]
[EventDate "2005.08.04"]
[EventType "swiss"]
[EventRounds "4"]
[EventCountry "CAN"]
[WhiteTeam "Canada"]
[BlackTeam "Canada"]
[WhiteTeamCountry "CAN"]
[BlackTeamCountry "CAN"]

1. d4 c6 2. Nf3 d5 3. c3 Nf6 4. Bg5 Bf5 5. Nbd2 Nbd7 6. e3 e6 7. Be2 h6 8. Bh4 Bd6 9. O-O O-O 10. c4 Re8 11. Qb3 Qb6 12. Qxb6 axb6 13. a3 Ne4 14. Nxe4 Bxe4 15. Nd2 Bh7 16. f4 Be7 17. Bg3 dxc4 18. Bxc4 b5 19. Bb3 Nb6 20. e4 Red8 21. Bf2 b4 22. a4 c5 23. a5 Nd7 24. e5 Nb8 25. Nf3 Bd3 26. Rfc1 Nc6 27. dxc5 Nxa5 28. Nd4 Nxb3 29. Nxb3 Rxa1 30. Nxa1 Be4 31. Nb3 Rd3 32. Na5 Bd5 33. Kf1 Rd2 34. b3 g5 35. g3 gxf4 36. gxf4 Be4 37. Ke1 Rb2 38. Rc4 Bd5 39. Rxb4 Rxf2 40. Nxb7 Rxh2 41. Nd6 Bh4+ 42. Kd1 Rb2 43. Rb8+ Kg7 44. f5 Bg5 45. f6+ Kh7 46. Nxf7 Bf3+ 47. Ke1 Bh4+ 48. Kf1 Rb1# 0-1